000 01655nam a22002417a 4500
999 _c59665
_d59665
003 Ge_BSU
005 20230330154739.0
008 230330s2002 ge ||||| |||| 00| 0 geo d
020 _a75895748975947
041 _ageo
080 _a631.35 კ-56
100 _aკიტინოია, ლიზა
_917381
245 _aმოსავლის აღების შემდგომი დამუშავების მეთოდები სახელმძღვანელო სამებაღეო კულტურებისათვის :
_bსახელმძღვანელო სამებაღეო კულტურებისათვის /
_cლიზა კიტინოია და ადელ ა. ქადენი.
250 _aმეოთხე გამოცემა
264 _a[თბილისი],
_c2002.
300 _a176 გვ.;
_b21 სმ.
500 _aსახელმძღვანელო ნათარგმია ამერიკის შეერთებული შტატების საერთაშორისო განვითარების (USAID) სასოფლო-სამეურნეო წარმოების ეფექტიანობის პროექტის ფარგლებში
504 _aბიბლიოგრ. გვ. 175-176
653 _a მოსავლის აღების მეთოდები
653 _aსამებარეო კულტურები
700 _aქადენი, ადელ ა.
_eავტორი
_917382
942 _2udc
_cBK